[Event "19th Open"]
[Site "Kavala GRE"]
[Date "2010.08.05"]
[Round "7"]
[White "Nikolov,Mo"]
[Black "Sachdev,T"]
[Result "1/2-1/2"]
[WhiteElo "2552"]
[BlackElo "2396"]

1.d4 Nf6 2.c4 e6 3.Nc3 Bb4 4.Qc2 O-O 5.a3 Bxc3+ 6.Qxc3 d5 7.Nf3 dxc4 8.Qxc4 b6
9.g3 Ba6 10.Qa4 Bb7 11.Bg2 Nbd7 12.O-O c5 13.Bf4 Qe7 14.Rac1 a6 15.Rfd1 Rfd8
16.Bg5 h6 17.Bxf6 Nxf6 18.Qb3 Rab8 19.Ne5 Bxg2 20.Kxg2 Qb7+ 21.Qf3 Rxd4 22.Rxd4 cxd4
23.Nc6 Re8 24.Nxd4 Qd7 25.Qc3 Nd5 26.Qc6 Rd8 27.Qxd7 Rxd7 28.Rc8+ Kh7 29.e3 Rc7
30.Rd8 Rc1 31.Rd6 Rd1 32.Kf3 Rd2 33.b3 Kg6 34.Nc6 Rb2 35.Nd4 Rd2 36.h4 h5
37.Nc6 Rb2 38.Nd4 Rd2 39.Nc6 Rb2 40.Nd4  1/2-1/2

[Event "5th FIDE GP w"]
[Site "Ulaanbaatar MGL"]
[Date "2010.08.05"]
[Round "6"]
[White "Shen Yang"]
[Black "Kosintseva,T"]
[Result "1/2-1/2"]
[WhiteElo "2435"]
[BlackElo "2562"]

1.d4 Nf6 2.c4 e6 3.Nc3 Bb4 4.Qc2 O-O 5.a3 Bxc3+ 6.Qxc3 d5 7.Nf3 dxc4 8.Qxc4 b6
9.Bf4 Ba6 10.Qa4 Qd7 11.Qc2 Rc8 12.Rd1 Qe8 13.e4 Bxf1 14.Kxf1 c5 15.dxc5 Na6
16.c6 Rxc6 17.Qe2 Nc5 18.Ne5 Rcc8 19.f3 Qa4 20.Kf2 Ne8 21.Be3 f6 22.Nd3 Nxd3+
23.Qxd3 Qc2+ 24.Qxc2 Rxc2+ 25.Rd2 Rac8 26.Rd1 Nd6 27.Ke1 Rxd2 28.Rxd2 Rc6
29.a4 a6 30.Ke2 Kf7 31.b3 Ke7 32.Kd3 b5 33.Ra2 Kd7 34.Bd2 bxa4 35.Rxa4 Nb5
36.e5 fxe5 37.Rh4 h6 38.Bb4 Nd4 39.Rg4 g5 40.h4 Rb6 41.Bc5 Rxb3+ 42.Kc4 Rb2
43.Bxd4 exd4 44.hxg5 hxg5 45.Rxg5 Rd2 46.Ra5 Rxg2 47.Kxd4 Rd2+ 48.Kc4 Rd6
49.f4 Rc6+ 50.Kd4 Kc7 51.f5 Kb6 52.Re5 exf5 53.Rxf5 a5 54.Kd3 a4 55.Rf2 Kb5
56.Rc2 Rxc2 57.Kxc2  1/2-1/2

[Event "111th US Open"]
[Site "Irvine USA"]
[Date "2010.08.06"]
[Round "?"]
[White "Bercys,S"]
[Black "Ginsburg,M"]
[Result "1/2-1/2"]
[WhiteElo "2418"]
[BlackElo "2385"]

1.d4 Nf6 2.c4 e6 3.Nc3 Bb4 4.Qc2 O-O 5.Nf3 d5 6.a3 Bxc3+ 7.Qxc3 dxc4 8.Qxc4 b6
9.Bg5 Bb7 10.e3 Nbd7 11.Ne5 c5 12.Nxd7 Qxd7 13.Bxf6 gxf6 14.dxc5 Rfd8 15.Qc3 Rac8
16.b4 bxc5 17.b5 Qd5 18.f3 c4 19.a4 a6 20.bxa6 Bxa6 21.Be2 Qe5  1/2-1/2

[Event "Open"]
[Site "Arad ROU"]
[Date "2010.08.08"]
[Round "3"]
[White "Grigore,Ge"]
[Black "Chifor,E"]
[Result "1-0"]
[WhiteElo "2532"]
[BlackElo "2264"]

1.d4 Nf6 2.c4 e6 3.Nc3 Bb4 4.Qc2 O-O 5.a3 Bxc3+ 6.Qxc3 b6 7.Bg5 Bb7 8.e3 d6
9.Ne2 Nbd7 10.Qc2 Qe7 11.Nc3 c5 12.Rd1 Rfd8 13.d5 h6 14.Bh4 Nf8 15.Be2 e5
16.f3 g5 17.Bf2 e4 18.Nxe4 Nxe4 19.fxe4 Ng6 20.Bg3 Re8 21.O-O Rad8 22.Bh5 Qxe4
23.Qxe4 Rxe4 24.Bxg6 fxg6 25.Rf6 Rxe3 26.Rxg6+ Kh7 27.Rxd6 Rxd6 28.Bxd6 Re8
29.b4 cxb4 30.axb4 a5 31.bxa5 bxa5 32.Bc7  1-0

[Event "Negroponte Open"]
[Site "Chalkis GRE"]
[Date "2010.08.09"]
[Round "1"]
[White "Iasman,I"]
[Black "Moradiabadi,E"]
[Result "0-1"]
[WhiteElo "1973"]
[BlackElo "2571"]

1.d4 Nf6 2.c4 e6 3.Nc3 Bb4 4.Qc2 O-O 5.a3 Bxc3+ 6.Qxc3 b5 7.cxb5 c6 8.Bg5 cxb5
9.e3 Bb7 10.Nf3 a6 11.Be2 h6 12.Bh4 g5 13.Bg3 Ne4 14.Qc2 d6 15.O-O Nd7 16.Nd2 Rc8
17.Qd1 Nxg3 18.hxg3 Nf6 19.Bf3 Bxf3 20.gxf3 Qd7 21.Ne4 Nd5 22.Qb3 f5 23.Nc3 Nxc3
24.bxc3 Rc4 25.a4 Rxa4 26.Rxa4 bxa4 27.Qa3 f4 28.Kg2 fxe3 29.fxe3 g4 30.fxg4 Qc6+
31.Kg1 Rxf1+  0-1

[Event "Negroponte Open"]
[Site "Chalkis GRE"]
[Date "2010.08.10"]
[Round "2"]
[White "Stavrianakis,I"]
[Black "Yakovich,Yur"]
[Result "1/2-1/2"]
[WhiteElo "2249"]
[BlackElo "2570"]

1.d4 Nf6 2.c4 e6 3.Nc3 Bb4 4.Qc2 O-O 5.Nf3 c5 6.e3 d5 7.dxc5 Bxc5 8.cxd5 exd5
9.Be2 Nc6 10.O-O Bg4 11.Rd1 Qd6 12.Qb3 Rad8 13.Qxb7 Ne5 14.Nb5 Nxf3+ 15.gxf3 Qe6
16.Nd4 Bxd4 17.Rxd4 Bh5 18.Qb3 Rd6 19.Qd1 Nd7 20.e4 Qf6 21.exd5 g5 22.Be3 Re8
23.Rc1 Ne5 24.f4 Bxe2 25.Qxe2 Ng6 26.Qg4 gxf4 27.Rxf4 Qxb2 28.Rc8 Rdd8 29.Rc7 Qb1+
30.Kg2 Qxa2 31.Rf3 Qxd5 32.Rxa7 Re4 33.Qg5 Qxg5+  1/2-1/2

[Event "Negroponte Open"]
[Site "Chalkis GRE"]
[Date "2010.08.11"]
[Round "3"]
[White "Enchev,I"]
[Black "Halkias,S"]
[Result "1/2-1/2"]
[WhiteElo "2441"]
[BlackElo "2588"]

1.d4 Nf6 2.c4 e6 3.Nc3 Bb4 4.Qc2 O-O 5.a3 Bxc3+ 6.Qxc3 d5 7.Nf3 dxc4 8.Qxc4 b6
9.g3 Bb7 10.Bg2 Bd5 11.Qc3 Nbd7 12.O-O Rc8 13.b4 c5 14.dxc5 bxc5 15.Be3 cxb4
16.Qxb4 Rc2 17.Rfe1 a5 18.Qb1 Rc4 19.Qd3 Qa8 20.Rec1 Rfc8 21.Rxc4 Bxc4 22.Qd2 Bd5
23.Rc1 Rxc1+ 24.Qxc1 a4 25.Qc7 h6 26.Bd4 Be4 27.Bxf6 Nxf6 28.Ne5 Bxg2 29.Qxf7+ Kh7
30.Qg6+ Kg8 31.Qf7+ Kh7 32.Qg6+ Kg8 33.Qf7+  1/2-1/2

[Event "Negroponte Open"]
[Site "Chalkis GRE"]
[Date "2010.08.14"]
[Round "6"]
[White "Kosmas Lekkas,D"]
[Black "Grover,S"]
[Result "0-1"]
[WhiteElo "2125"]
[BlackElo "2411"]

1.d4 e6 2.c4 Nf6 3.Nc3 Bb4 4.Qc2 O-O 5.a3 Bxc3+ 6.Qxc3 Qe8 7.f3 d6 8.e4 Nfd7
9.Bd3 e5 10.d5 f5 11.Be3 fxe4 12.Bxe4 Nf6 13.Bc2 b5 14.O-O-O bxc4 15.Qxc4 Qf7
16.Qh4 Bb7 17.Nh3 h6 18.g4 Nxd5 19.Bxh6 gxh6 20.g5 Nf4 21.gxh6 Nxh3 22.Rhg1+ Nxg1
23.Rxg1+ Kh8 24.Rg7 Qf4+ 25.Kb1 e4 26.Qe7 Qf5 27.fxe4 Nc6 28.Qxc7 Qf1+ 29.Ka2 Qc4+
30.Bb3 Nb4+  0-1

[Event "Open"]
[Site "Davos SUI"]
[Date "2010.08.14"]
[Round "7"]
[White "Thon,M"]
[Black "Helmers,W"]
[Result "1-0"]
[WhiteElo "1995"]
[BlackElo "2126"]

1.d4 Nf6 2.c4 e6 3.Nc3 Bb4 4.Qc2 O-O 5.Nf3 d5 6.e3 b6 7.cxd5 exd5 8.Be2 Bb7
9.O-O Re8 10.Ne5 a6 11.Qf5 g6 12.Qg5 Be7 13.Qh6 Nbd7 14.f4 Bf8 15.Qg5 Bg7
16.Bd2 c5 17.Bg4 Nxe5 18.fxe5 Nxg4 19.Qxg4 Bc8 20.Qf3 Be6 21.Ne2 Rc8 22.Rac1 Qd7
23.Nf4 Red8 24.Nxe6 fxe6 25.Qe2 c4 26.Bb4 a5 27.Bd6 b5 28.e4 Qc6 29.Qg4 Re8
30.exd5 Qxd5 31.Rf3 Rc6 32.Qf4 Rcc8 33.Rcf1 Kh8 34.Qh4 b4 35.Rf7 Rg8 36.Be7 h5
37.Qf4 Rc7 38.Rxg7 Rxg7 39.Qh6+  1-0

[Event "46th Akiba Rubinstein Open A"]
[Site "Polanica Zdroj POL"]
[Date "2010.08.19"]
[Round "1"]
[White "Nojszewski,A"]
[Black "Laszewicz,P"]
[Result "0-1"]
[WhiteElo "1960"]
[BlackElo "2221"]

1.d4 Nf6 2.c4 e6 3.Nc3 Bb4 4.Qc2 O-O 5.Bg5 d5 6.cxd5 exd5 7.e3 Re8 8.Bd3 h6
9.Bh4 c5 10.Ne2 Bxc3+ 11.bxc3 c4 12.Bh7+ Kh8 13.Bf5 Bxf5 14.Qxf5 Nbd7 15.O-O g6
16.Qf3 Kg7 17.Rab1 b6 18.Rb5 g5 19.Bg3 a6 20.Rb2 Rc8 21.h4 Ne4 22.hxg5 hxg5
23.Qf5 Nf8 24.f4 Qd7 25.fxg5 Qxf5 26.Rxf5 Nxg3 27.Nxg3 Rxe3 28.Kf2 Rxc3 29.Rxb6 Rc2+
30.Kg1 Ne6 31.Rxd5 Rxg2+ 32.Kxg2 Nf4+ 33.Kf3 Nxd5 34.Rxa6 c3 35.Ne2 c2 36.Nc1 Re8
37.Kf2 Rh8 38.Kg2 Rb8 39.Ra5 Nf4+ 40.Kf3 Rb1 41.Kxf4 Rxc1 42.Rc5 Rf1+ 43.Ke5 c1=Q
44.Rxc1 Rxc1 45.Kd6 Ra1 46.d5 Rxa2 47.Ke7 Re2+ 48.Kd7 Kg6  0-1

[Event "Pan-Armenian Olym"]
[Site "Yerevan ARM"]
[Date "2010.08.21"]
[Round "7"]
[White "Kotanjian,T"]
[Black "Petrosyan,M"]
[Result "1-0"]
[WhiteElo "2551"]
[BlackElo "1920"]

1.d4 Nf6 2.c4 e6 3.Nc3 Bb4 4.Qc2 O-O 5.e4 d5 6.e5 Nfd7 7.cxd5 exd5 8.Bd3 c5
9.a3 cxd4 10.axb4 dxc3 11.f4 Qe7 12.Nf3 cxb2 13.Qxb2 f6 14.O-O fxe5 15.Qb3 Nb6
16.Be3 Qd8 17.fxe5 Nc6 18.Bxh7+ Kxh7 19.Ng5+ Kg6 20.Qd3+ Bf5 21.Rxf5 Rxf5
22.g4 Qc8 23.e6 Qf8 24.Rf1 Ne5 25.gxf5+ Kf6 26.Qd4 Qh8 27.Nf7  1-0

[Event "25th Open"]
[Site "Schwarzach AUT"]
[Date "2010.08.26"]
[Round "6"]
[White "Vatter,H"]
[Black "Zelcic,R"]
[Result "0-1"]
[WhiteElo "2349"]
[BlackElo "2554"]

1.d4 Nf6 2.c4 e6 3.Nc3 Bb4 4.Qc2 O-O 5.a3 Bxc3+ 6.Qxc3 b6 7.Bg5 Ba6 8.Qf3 Nc6
9.e3 Bb7 10.Bxf6 Qxf6 11.Qxf6 gxf6 12.Rc1 Ne7 13.Ne2 c5 14.dxc5 bxc5 15.Nc3 Rab8
16.Rc2 Bc6 17.Be2 Rb3 18.Kd2 Kh8 19.Rg1 Rg8 20.g3 f5 21.Kc1 f4 22.Rf1 fxe3
23.fxe3 Nf5 24.Bd3 Nh6 25.Rd2 Rgb8 26.Rf4 f5 27.e4 fxe4 28.Bxe4 e5 29.Rh4 Bxe4
30.Nxe4 Nf5 31.Rh5 Nd4 32.Nxc5 Rf3 33.Kb1 d6 34.Na6 Rb6 35.Nb4 a5 36.Nc2 Rf1+
37.Ka2 Nb3 38.c5 Nc1+ 39.Kb1 Nd3+ 40.Ne1 Rxe1+ 41.Kc2 Nxc5  0-1

[Event "1st Campomanes Memorial Cup Open"]
[Site "Manila PHI"]
[Date "2010.08.29"]
[Round "2"]
[White "Nadera,B"]
[Black "Gelashvili,T"]
[Result "1-0"]
[WhiteElo "2419"]
[BlackElo "2605"]

1.d4 Nf6 2.c4 e6 3.Nc3 Bb4 4.Qc2 O-O 5.a3 Bxc3+ 6.Qxc3 Qe8 7.e3 d6 8.Nf3 b6
9.b4 Bb7 10.Bb2 Ne4 11.Qc2 f5 12.Nd2 Nxd2 13.Qxd2 a5 14.b5 Nd7 15.f3 Qe7
16.Bd3 Rae8 17.O-O-O c6 18.Kb1 Rc8 19.Rc1 e5 20.Rhf1 e4 21.Be2 cxb5 22.cxb5 Bd5
23.f4 Nf6 24.h3 Qe6 25.Rxc8 Rxc8 26.Rc1 Rxc1+ 27.Qxc1 Qd7 28.Qc2 Qb7 29.g4 g6
30.g5 Ne8 31.a4 Kf7 32.Bc1 Ke6 33.Bd2 Kd7 34.Kb2 Nc7 35.h4 Qa8 36.h5 gxh5
37.Bxh5 Qg8 38.Be2 Qe6 39.Be1 Qg8 40.Bf1 Qa8 41.Bd2 Bg8 42.Be2 Nd5 43.Bc4 Ne7
44.Be2 Be6 45.Ka3 Bd5 46.Kb2 Qf8 47.Be1 h6 48.Bh4 Ng6 49.Bg3 Qg7 50.Bc4 Bb7
51.Qh2 hxg5 52.fxg5 d5 53.Bb3 Qe7 54.Qh6 f4 55.Be1 Qe6 56.exf4 Nxf4 57.Qh7+ Ke8
58.Qh8+ Ke7 59.Qg7+ Qf7 60.Qe5+ Kf8 61.Qd6+ Kg8 62.Bg3 Nd3+ 63.Kc3 Qf3 64.Qg6+ Kh8
65.Qh6+ Kg8 66.Qg6+ Kf8 67.Qf6+ Qxf6 68.gxf6 Nc1 69.Bd1 Bc8 70.f7 Kg7 71.Bh5  1-0

[Event "17th IM"]
[Site "Graz AUT"]
[Date "2010.08.31"]
[Round "4"]
[White "Schreiner,Pe"]
[Black "Schnider,G"]
[Result "1/2-1/2"]
[WhiteElo "2188"]
[BlackElo "2309"]

1.d4 Nf6 2.c4 e6 3.Nc3 Bb4 4.Qc2 O-O 5.a3 Bxc3+ 6.Qxc3 d5 7.Nf3 dxc4 8.Qxc4 b6
9.Bf4 Ba6 10.Qxc7 Qd5 11.Qd6 Qb5 12.Qb4 Qd5 13.Qd6 Qb5  1/2-1/2

[Event "TCh-SRB 1st League"]
[Site "Vrnjacka Banja SRB"]
[Date "2010.08.31"]
[Round "11"]
[White "Saric,S"]
[Black "Martinovic,Sl"]
[Result "1-0"]
[WhiteElo "2447"]
[BlackElo "2425"]

1.d4 Nf6 2.c4 e6 3.Nc3 Bb4 4.Qc2 O-O 5.e4 d5 6.e5 Ne4 7.Bd3 c5 8.Ne2 f5 9.exf6 Nxf6
10.cxd5 exd5 11.dxc5 Nc6 12.O-O Be6 13.Nb5 Qe7 14.Be3 a6 15.Nbd4 Bg4 16.a3 Ba5
17.Nxc6 bxc6 18.h3 Bxe2 19.Qxe2 Rae8 20.b4 Bc7 21.Rfe1 Qe5 22.f4 Qh5 23.Qxh5 Nxh5
24.Bxa6 Nxf4 25.Bf2 Be5 26.Rad1 Bb2 27.Rxe8 Rxe8 28.a4 Re4 29.Bb7 Rxb4 30.Bxc6 Ne2+
31.Kf1 Nc3 32.Rd3 Nxa4 33.Bxd5+ Kf8 34.Bf3 Be5 35.Rd1 Rc4 36.c6 Ke7 37.Rd7+ Kf6
38.Be3 h6 39.Ke2 Nb2 40.Bd5 Rc2+ 41.Kf3 Nc4 42.Bf2 Nd2+ 43.Kg4 Nc4 44.Bh4+ g5
45.Kh5 Nd6 46.Be1 Rc5 47.c7 Kf5 48.Bb4  1-0

[Event "TCh-ROU Superliga w"]
[Site "Baile Herculane ROU"]
[Date "2010.09.11"]
[Round "8"]
[White "Vasilevich,T"]
[Black "Cramling,P"]
[Result "0-1"]
[WhiteElo "2399"]
[BlackElo "2509"]

1.d4 Nf6 2.c4 e6 3.Nc3 Bb4 4.Qc2 O-O 5.a3 Bxc3+ 6.Qxc3 Ne4 7.Qc2 f5 8.e3 b6
9.Bd3 Bb7 10.Ne2 Qh4 11.O-O Rf6 12.f3 Rh6 13.h3 Ng3 14.Nxg3 Qxg3 15.e4 Rxh3
16.Bf4 Qxf4 17.gxh3 Nc6 18.Qf2 Rf8 19.d5 Ne5 20.Rad1 Rf6 21.exf5 Nxd3 22.Rxd3 Qxf5
23.Qd2 exd5 24.Rxd5 Bxd5 25.Qxd5+ Qxd5 26.cxd5 Kf7 27.Rc1 Rxf3 28.Kg2 Rb3
29.Rxc7 Rxb2+ 30.Kg1 Ke7 31.Rxa7 Rd2 32.Rb7 Rxd5 33.Rxb6 Rd3 34.Kg2 Rxa3
35.Rb7 Rd3 36.Kh2 Kf6 37.Kg2 g5 38.Rb8 h5 39.Rf8+ Kg7 40.Rf1 h4 41.Rf2 Kg6
42.Kh2 Rd5 43.Kg2 Rf5 44.Re2 Kf7 45.Re4 d6 46.Re1 Kf6 47.Re2 d5 48.Re8 Rf4
49.Rg8 Rf5 50.Re8 d4 51.Re2 Re5 52.Ra2 Kf5 53.Kf2 Rc5 54.Ra8 Rc2+ 55.Ke1 Rg2
56.Ra5+ Kf4 57.Rd5 Ke4 58.Ra5 d3 59.Ra8 d2+ 60.Kd1 g4 61.Ra4+ Kd5 62.Ra5+ Kc6
63.Ra6+ Kb5 64.Ra3 g3 65.Kc2 Rf2  0-1

[Event "EYCC Girls U18"]
[Site "Batumi GEO"]
[Date "2010.09.21"]
[Round "2"]
[White "Messam Sparks,L"]
[Black "Abdulla,K"]
[Result "0-1"]
[WhiteElo "1928"]
[BlackElo "2193"]

1.d4 Nf6 2.c4 e6 3.Nc3 Bb4 4.Qc2 O-O 5.a3 Bxc3+ 6.Qxc3 d6 7.Nf3 b6 8.e3 Bb7
9.b4 Ne4 10.Qb3 a5 11.Bb2 axb4 12.axb4 Rxa1+ 13.Bxa1 Nd7 14.Be2 Ng5 15.Qc3 Nxf3+
16.gxf3 Qg5 17.Rf1 e5 18.dxe5 dxe5 19.f4 exf4 20.exf4 Qh6 21.c5 bxc5 22.bxc5 Bc6
23.Rg1 f6 24.h3 Qxf4 25.Bb2 Qe4 26.f3 Qh4+ 27.Kd1 Ne5 28.Qb3+ Kh8 29.Qe6 Qf2  0-1

[Event "EYCC Girls U16"]
[Site "Batumi GEO"]
[Date "2010.09.21"]
[Round "2"]
[White "Eid,M"]
[Black "Yashchenko,O"]
[Result "1-0"]
[WhiteElo "2065"]
[BlackElo "1762"]

1.d4 Nf6 2.c4 e6 3.Nc3 Bb4 4.Qc2 O-O 5.Nf3 d5 6.Bg5 h6 7.Bh4 c5 8.dxc5 Nc6
9.e3 Bxc3+ 10.Qxc3 g5 11.Bg3 Ne4 12.Qa3 dxc4 13.Rd1 Qf6 14.Bxc4 e5 15.Bd5 Nxg3
16.hxg3 Ne7 17.Be4 Qg7 18.Rd6 Ng6 19.Qb3 Be6 20.Rxe6 fxe6 21.Qxe6+ Kh8 22.Bxg6 e4
23.Ne5 Rad8 24.Nf7+ Rxf7 25.Bxf7 Kh7 26.Qxe4+  1-0

[Event "EYCC Boys U18"]
[Site "Batumi GEO"]
[Date "2010.09.22"]
[Round "3"]
[White "Sipahioglu,I"]
[Black "Kuchynka,Luk"]
[Result "0-1"]
[WhiteElo "2089"]
[BlackElo "2306"]

1.d4 Nf6 2.c4 e6 3.Nc3 Bb4 4.Qc2 O-O 5.a3 Bxc3+ 6.Qxc3 b5 7.cxb5 c6 8.Bg5 cxb5
9.Nf3 Bb7 10.e3 a6 11.Be2 h6 12.Bh4 g5 13.Bg3 Ne4 14.Qc7 Qxc7 15.Bxc7 Rc8
16.Rc1 Nc6 17.Bb6 g4 18.Nd2 Ne7 19.Rxc8+ Rxc8 20.Nxe4 Rc1+ 21.Bd1 Bxe4 22.O-O f5
23.Bb3 Rc6 24.Bc5 Bd5 25.Bxe7 Bxb3 26.Bb4 Rc2 27.Bc3 h5 28.Re1 Bd5 29.Rf1 h4
30.Re1 h3 31.g3 Bf3 32.Ra1 Be2 33.d5 Kf7 34.Re1 Ke7 35.dxe6 dxe6 36.Be5 Kd7
37.Bd4 Kc6 38.e4 fxe4 39.Rb1 Bd3 40.Be3 Kd5 41.b3 Ra2  0-1

[Event "EYCC Girls U16"]
[Site "Batumi GEO"]
[Date "2010.09.23"]
[Round "4"]
[White "Danelia,M"]
[Black "Imeeva,A"]
[Result "1-0"]
[WhiteElo "2213"]
[BlackElo "2059"]

1.d4 Nf6 2.c4 e6 3.Nc3 Bb4 4.Qc2 O-O 5.a3 Bxc3+ 6.Qxc3 d5 7.Bg5 Nbd7 8.Nf3 c6
9.Qc2 Qc7 10.cxd5 exd5 11.e3 Ne4 12.Bf4 Qd8 13.Bd3 f5 14.O-O Ndf6 15.h3 Nh5
16.Bh2 Qf6 17.Ne5 Qg5 18.f4 Qh6 19.Bxe4 fxe4 20.g4 Nf6 21.Qg2 Nd7 22.Rae1 c5
23.Nxd7 Bxd7 24.dxc5 Bb5 25.Rf2 Rac8 26.f5 Rxc5 27.Be5 Qc6 28.Bd4 Rc1 29.Rxc1 Qxc1+
30.Kh2 Qc7+ 31.Qg3 Qxg3+ 32.Kxg3 b6 33.Rc2 Bc4 34.Rc3 g6 35.b3 Ba6 36.f6 g5
37.Rc6 h6 38.Rd6 Rc8 39.Rxd5 Rc1 40.Rf5 Kf7 41.Re5 Bd3 42.Re7+ Kf8 43.Rxa7 Rc2
44.Re7 Bf1 45.Rxe4 Rg2+ 46.Kf3 Rd2 47.Re7 Bg2+ 48.Kg3 Bc6 49.h4 Rg2+ 50.Kh3 h5
51.hxg5 Rxg4 52.Bxb6 Rxg5 53.Rc7 Bd5 54.Bc5+ Kg8 55.b4 Rg4 56.Re7 Bg2+ 57.Kh2 Bf1
58.f7+ Kg7 59.Rc7  1-0

[Event "EYCC Boys U14"]
[Site "Batumi GEO"]
[Date "2010.09.23"]
[Round "4"]
[White "Avetisian,T"]
[Black "Burduli,G"]
[Result "1/2-1/2"]
[WhiteElo "1991"]
[BlackElo "1799"]

1.d4 Nf6 2.c4 e6 3.Nc3 Bb4 4.Qc2 O-O 5.Nf3 c5 6.dxc5 Na6 7.Bg5 Nxc5 8.e3 Nce4
9.Bd3 Nxg5 10.Nxg5 h6 11.Nf3 d5 12.O-O dxc4 13.Bxc4 Qe7 14.a3 Bxc3 15.Qxc3 b6
16.Qb4 Qxb4 17.axb4 Bb7 18.Nd4 Rfe8 19.Ba6 Bxa6 20.Rxa6  1/2-1/2

[Event "EYCC Girls U18"]
[Site "Batumi GEO"]
[Date "2010.09.23"]
[Round "5"]
[White "Messam Sparks,L"]
[Black "Mammadova,A"]
[Result "0-1"]
[WhiteElo "1928"]
[BlackElo "1965"]

1.d4 Nf6 2.c4 e6 3.Nc3 Bb4 4.Qc2 O-O 5.a3 Bxc3+ 6.Qxc3 Ne4 7.Qc2 f5 8.Nf3 b6
9.e3 Bb7 10.b4 d6 11.Nd2 Nd7 12.Nxe4 fxe4 13.g3 Qf6 14.Bg2 Qg6 15.Bb2 c5
16.dxc5 dxc5 17.Rd1 Rf7 18.O-O cxb4 19.axb4 a5 20.bxa5 bxa5 21.c5 Rc8 22.Rd6 Nxc5
23.Ba3 Qf5 24.Qd2 Nd3 25.Rb6 Rfc7 26.Qa2 Bd5 27.Qb1 h6 28.Rb5 Rc2 29.Rxa5 Rxf2
30.Rxf2 Qxf2+ 31.Kh1 Ne1  0-1

[Event "EYCC Boys U18"]
[Site "Batumi GEO"]
[Date "2010.09.26"]
[Round "7"]
[White "Sipahioglu,I"]
[Black "Nikolashvili,G"]
[Result "0-1"]
[WhiteElo "2089"]
[BlackElo "2294"]

1.d4 Nf6 2.c4 e6 3.Nc3 Bb4 4.Qc2 O-O 5.a3 Bxc3+ 6.Qxc3 b6 7.Bg5 c5 8.dxc5 bxc5
9.Nf3 d6 10.Rd1 Nbd7 11.Rxd6 Qc7 12.Rd3 Ne4 13.Qc1 Nxg5 14.Qxg5 Rb8 15.Qd2 Ne5
16.Nxe5 Qxe5 17.Rc3 Rb6 18.h4 Qb8 19.Rc2 Bb7 20.b4 Rd8 21.Qc3 cxb4 22.axb4 Be4
23.Rc1 Rxb4 24.Rh3 Rb1 25.Rg3 Qb4 26.Rxg7+ Kh8 27.Rg3+ e5  0-1

[Event "21st Open"]
[Site "Goch GER"]
[Date "2010.10.01"]
[Round "2.42"]
[White "Westendorp,Christian"]
[Black "Rosskothen,A"]
[Result "0-1"]
[WhiteElo "1787"]
[BlackElo "2133"]

1.d4 Nf6 2.c4 e6 3.Nc3 Bb4 4.Qc2 O-O 5.e4 d5 6.Bg5 dxe4 7.Bxf6 Qxf6 8.Qxe4 c5
9.Nf3 Nc6 10.O-O-O cxd4 11.Nxd4 Qxf2 12.Nxc6 bxc6 13.Bd3 f5 14.Qxc6 Bxc3
15.bxc3 Rb8 16.Rd2 Qe3 17.Kd1 Bb7 18.Qc7 Bxg2 19.Re1 Bf3+ 20.Be2 Rb1+  0-1

[Event "Continental Class Ch"]
[Site "Arlington USA"]
[Date "2010.10.09"]
[Round "5"]
[White "Sarkar,J"]
[Black "Kacheishvili,G"]
[Result "0-1"]
[WhiteElo "2389"]
[BlackElo "2568"]

1.d4 Nf6 2.c4 e6 3.Nc3 Bb4 4.Qc2 O-O 5.a3 Bxc3+ 6.Qxc3 d6 7.g3 e5 8.dxe5 dxe5
9.Bg2 Qe7 10.Nf3 Nc6 11.b4 Rd8 12.Bb2 e4 13.Ne5 Nd4 14.Rd1 c5 15.bxc5 Ne6
16.Rxd8+ Qxd8 17.c6 b6 18.O-O Nc5 19.Qc2 Qe7 20.f4 Bf5 21.h3 h5 22.Rd1 Rc8
23.Kh2 Ne8 24.Nd7 Rxc6 25.Nxc5 Rxc5 26.Rd5 Nc7 27.Re5 Rxe5 28.Bxe5 Ne6 29.Bxe4 Bxe4
30.Qxe4 Qxa3 31.f5 Ng5 32.Qh4 Qe3 33.Qxh5 Qf2+ 34.Kh1 Qxf5 35.Bf4 Qe4+ 36.Kg1 Ne6
37.Qe5 Qxc4 38.Qb8+ Kh7 39.Qxa7 Nxf4 40.gxf4 Qd4+ 41.Kg2 Qe4+ 42.Kg3 Qe3+
43.Kg2 Qxe2+ 44.Kg3 Qd3+ 45.Kf2 Qc2+ 46.Kf3 Qb3+ 47.Kg4 b5 48.f5 Qa4+  0-1

[Event "TCh-NED"]
[Site "Netherlands NED"]
[Date "2010.10.09"]
[Round "2.1"]
[White "Levin,F"]
[Black "Winants,L"]
[Result "1/2-1/2"]
[WhiteElo "2482"]
[BlackElo "2519"]

1.d4 Nf6 2.c4 e6 3.Nc3 Bb4 4.Qc2 O-O 5.a3 Bxc3+ 6.Qxc3 d5 7.e3 b6 8.Nf3 Ba6
9.b4 dxc4 10.Bxc4 Bxc4 11.Qxc4 Qd5 12.Qxd5 Nxd5 13.Bd2 Nd7 14.Ke2 c5  1/2-1/2

[Event "TCh-ISL Div 1 2010-11"]
[Site "Reykjavik ISL"]
[Date "2010.10.09"]
[Round "3.1"]
[White "Thorfinnsson,Bj"]
[Black "Kristjansson,St"]
[Result "0-1"]
[WhiteElo "2404"]
[BlackElo "2477"]

1.d4 Nf6 2.c4 e6 3.Nc3 Bb4 4.Qc2 O-O 5.e4 d6 6.Nf3 e5 7.dxe5 dxe5 8.Bg5 Nc6
9.Rd1 Nd4 10.Nxd4 exd4 11.a3 Be7 12.Be2 c6 13.h4 Re8 14.e5 Ng4 15.Qe4 Qb6
16.Nb1 Nxe5 17.b4 Bg4 18.c5 Qc7 19.Bxg4 Nxg4 20.Qxg4 Bxg5+ 21.Kf1 Bf6 22.Nd2 Qe5
23.Nc4 Qd5 24.Nd6 Re7 25.Rh3 b6 26.Rf3 h5 27.Qf5 Re5 28.Qd7 bxc5 29.bxc5 Re7
30.Qf5 Qxf5 31.Rxf5 Rb8 32.Re1 Rxe1+ 33.Kxe1 Rb2 34.Ne4 Bd8 35.Rf3 f5 36.Ng3 g6
37.Rd3 Ba5+ 38.Kf1 Bc3  0-1

[Event "TCh-HUN 2010-11"]
[Site "Budapest HUN"]
[Date "2010.10.10"]
[Round "1"]
[White "Csonka,B"]
[Black "Medvegy,N"]
[Result "1/2-1/2"]
[WhiteElo "2263"]
[BlackElo "2336"]

1.d4 Nf6 2.c4 e6 3.Nc3 Bb4 4.Qc2 O-O 5.Nf3 c5 6.dxc5 Na6 7.g3 Nxc5 8.Bg2 Nce4
9.O-O Nxc3 10.bxc3 Be7 11.e4 d6 12.e5 dxe5 13.Nxe5 Qc7 14.Qe2 Nd7 15.Bf4 Nxe5
16.Bxe5 Bd6 17.Bxd6 Qxd6 18.Rab1 Rb8 19.Rfd1 Qc7 20.Qd3 b6 21.Qd6 Qxd6 22.Rxd6 Bb7
23.Rd7 Bxg2 24.Kxg2 a5 25.c5 bxc5 26.Rxb8 Rxb8 27.Rc7 g6 28.Rxc5 a4 29.Rc4 Ra8
30.Rc7 Rb8 31.Ra7 Rc8 32.Rxa4 Rxc3 33.Ra8+ Kg7 34.h4 h5 35.a4 Ra3 36.a5 Kf6
37.a6 Kf5 38.f3 Ra2+ 39.Kh3 Ra3 40.Kg2 Ra2+ 41.Kh3 Ra3  1/2-1/2

[Event "Spartak IM"]
[Site "Subotica"]
[Date "2010.10.25"]
[Round "4"]
[White "Tancik,K"]
[Black "Ardeleanu,A"]
[Result "1/2-1/2"]
[WhiteElo "2261"]
[BlackElo "2401"]

1.d4 Nf6 2.c4 e6 3.Nc3 Bb4 4.Qc2 O-O 5.a3 Bxc3+ 6.Qxc3 b6 7.Bg5 Bb7 8.e3 d6
9.f3 Nbd7 10.Nh3 c5 11.Nf2 Qc7  1/2-1/2

[Event "Uxbridge Premier"]
[Site "Denham ENG"]
[Date "2010.10.26"]
[Round "4"]
[White "Shaw,P"]
[Black "Lyell,M"]
[Result "1-0"]
[WhiteElo "2164"]
[BlackElo "2202"]

1.d4 Nf6 2.c4 e6 3.Nc3 Bb4 4.Qc2 O-O 5.a3 Bxc3+ 6.Qxc3 d5 7.Bg5 c5 8.dxc5 d4
9.Qc2 h6 10.Bxf6 Qxf6 11.Nf3 e5 12.e4 a5 13.b3 Na6 14.Be2 Bg4 15.O-O Bxf3
16.Bxf3 Nxc5 17.b4 Ne6 18.c5 Rfd8 19.Be2 Nf4 20.Bd3 h5 21.g3 Ne6 22.Qe2 Qg6
23.Kh1 h4 24.Bc4 h3 25.f4 exf4 26.gxf4 d3 27.Qf3 Nxf4 28.Rg1 Qh6 29.Raf1 d2
30.Qxf4 Qxf4 31.Rxf4 Rd7 32.Rd1 axb4 33.axb4 Ra3 34.Kg1 Kf8 35.Bd5 Rd3 36.Rf2 Rd4
37.Rdxd2 Rxb4 38.Rb2 Rd4 39.Rfd2 Rxd2 40.Rxd2 Rc7 41.Rc2 Ke7 42.Rb2 Rxc5
43.Rxb7+ Kd6 44.Rxf7 Ke5 45.Rf3 Rc2 46.Rxh3 g5 47.Rf3 g4 48.Rf2 Rc3 49.Kg2 Kd4
50.Rf4  1-0

[Event "CONPET Cup 2010"]
[Site "Ploiesti ROU"]
[Date "2010.10.31"]
[Round "9.12"]
[White "Manole,A"]
[Black "Gorea,A"]
[Result "0-1"]
[WhiteElo "1655"]
[BlackElo "1766"]

1.d4 e6 2.c4 Nf6 3.Nc3 Bb4 4.Qc2 O-O 5.a3 Be7 6.e4 d5 7.e5 Ne8 8.cxd5 exd5
9.Bd3 g6 10.Bh6 Ng7 11.f4 f6 12.O-O-O c5 13.dxc5 d4 14.Bc4+ Kh8 15.b4 a5
16.Nb5 Nc6 17.Qb2 axb4 18.axb4 Ra4 19.Nxd4 Rxb4 20.Qc3 Qa5 21.Nc2 Rb1+ 22.Kxb1 Qxc3
23.Ba2 Nb4  0-1

[Event "VII Open"]
[Site "Figueira da Foz POR"]
[Date "2010.11.01"]
[Round "3.5"]
[White "Dias,P"]
[Black "Petkov,V"]
[Result "1/2-1/2"]
[WhiteElo "2394"]
[BlackElo "2513"]

1.d4 Nf6 2.c4 e6 3.Nc3 Bb4 4.Qc2 O-O 5.a3 Bxc3+ 6.Qxc3 b5 7.cxb5 c6 8.Bg5 cxb5
9.e3 Bb7 10.f3 Nc6 11.Bxb5 Rc8 12.Ne2 Qb6 13.Bxc6 Rxc6 14.Qd2 Rfc8 15.Nc3 Nd5
16.O-O Nxc3 17.bxc3 f6 18.Bf4 Rxc3 19.Rfc1 Rb3 20.Rxc8+ Bxc8 21.h3 Bb7 22.Qc2 Bc6
23.Bd6 Rb2 24.Qc3 Qb5 25.Re1 Ra2 26.Qb4 Qxb4 27.Bxb4 Kf7 28.e4 Rc2  1/2-1/2

[Event "Chigorin Mem Classic Open"]
[Site "St Petersburg RUS"]
[Date "2010.11.03"]
[Round "7"]
[White "Kanter,E"]
[Black "Shinkevich,V"]
[Result "1/2-1/2"]
[WhiteElo "2414"]
[BlackElo "2525"]

1.d4 Nf6 2.c4 e6 3.Nc3 Bb4 4.Qc2 O-O 5.a3 Bxc3+ 6.Qxc3 b6 7.Bg5 Bb7 8.f3 h6
9.Bh4 d5 10.cxd5 Bxd5 11.e3 Nbd7 12.e4 Nxe4 13.Bxd8 Nxc3 14.Bxc7 Na4 15.Bb5 Nxb2
16.Bxd7 a6 17.Rb1 Nc4 18.Ba4 Rfc8 19.Bf4 b5 20.Bd1 Nxa3 21.Rb2 a5 22.Ne2 b4
23.Kf2 g5 24.Bg3 f5 25.Be5 Nc4 26.Rb1 Nd2 27.Rb2 Nc4 28.Rb1  1/2-1/2

[Event "Chigorin Mem Classic Open"]
[Site "St Petersburg RUS"]
[Date "2010.11.03"]
[Round "7"]
[White "Kostyuchenko,V"]
[Black "Alavkin,A"]
[Result "0-1"]
[WhiteElo "2106"]
[BlackElo "2437"]

1.d4 Nf6 2.c4 e6 3.Nc3 Bb4 4.Qc2 O-O 5.Bg5 c5 6.e3 cxd4 7.exd4 Nc6 8.Nf3 h6
9.Bxf6 Qxf6 10.a3 Ba5 11.O-O-O d6 12.b4 Bc7 13.Qe4 Bd7 14.Bd3 g6 15.h4 Rfe8
16.h5 d5 17.cxd5 exd5 18.Nxd5 Qd6 19.Ne5 Nxe5 20.dxe5 Rxe5  0-1